Online Catalogue and eLibrary

Portraits of Chinese women in revolution / (Record no. 82)

MARC details
000 -LEADER
fixed length control field 00770cam a2200217 i 4500
001 - CONTROL NUMBER
control field 3179436
005 - DATE AND TIME OF LATEST TRANSACTION
control field 20231127014306.0
008 - FIXED-LENGTH DATA ELEMENTS--GENERAL INFORMATION
fixed length control field 760525s1976 nyua b 000 0 eng
020 ## - INTERNATIONAL STANDARD BOOK NUMBER
ISBN 0912670444
040 ## - CATALOGING SOURCE (பட்டியலாக்க மூலம்)
Original cataloging agency DLC
Transcribing agency DLC
Modifying agency DLC
082 00 - DDC Classification
Class No. 301.41/2/0951
DDC Edition Number 22
Item Number - Author Mark AGE.
100 1# - MAIN ENTRY--PERSONAL NAME
Personal name Smedley, Agnes,
245 10 - TITLE STATEMENT
Title Portraits of Chinese women in revolution /
Statement of responsibility, etc. by Agnes Smedley ; edited with an introd. by Jan MacKinnon and Steve MacKinnon ; with an afterword by Florence Howe.
250 ## - EDITION STATEMENT
Edition statement 1st ed.
260 ## - PUBLICATION, DISTRIBUTION, ETC.
Place of publication, distribution, etc. Old Westbury, N.Y. :
Name of publisher, distributor, etc. Feminist Press,
Date of publication, distribution, etc. 1976.
300 ## - PHYSICAL DESCRIPTION
Extent (e.g. Volumes, Pages etc.) xxxv, 203 p. :
650 #0 - SUBJECT ADDED ENTRY--TOPICAL TERM
Topical term or geographic name entry element Women
856 42 - ELECTRONIC LOCATION AND ACCESS
Uniform Resource Identifier <a href="http://www.loc.gov/catdir/enhancements/fy1005/76018896-d.html">http://www.loc.gov/catdir/enhancements/fy1005/76018896-d.html</a>
856 42 - ELECTRONIC LOCATION AND ACCESS
Uniform Resource Identifier <a href="https://www.loc.gov/catdir/enhancements/fy1612/76018896-b.html">https://www.loc.gov/catdir/enhancements/fy1612/76018896-b.html</a>
942 ## - Koha item type (Biblio)
Koha item type Books in Stacks (Lending)
Holdings
Lost status Damaged status Collection code Home library Current library Date acquired Full call number Accession Number Item type
    Lending WERC Library WERC Library 11/27/2023 301.41/2/0951 AGE. 76 Books in Stacks (Lending)

© WERC Library